| 000 | 00798nam a2200205 a 4500 | ||
|---|---|---|---|
| 008 | 120416s1993 ||||||||||||||||| || u | ||
| 020 | _a0070456194 | ||
| 050 | _aHB 172 Wal | ||
| 100 | _aBingham, Robert C | ||
| 245 | 1 | 0 |
_aStudy guide to accompany McConnell and Brue microeconomics. (12th ed.) _cWilliam B. Walstad; Robert C. Bingham |
| 250 | _a12th ed. | ||
| 260 |
_aNew York: _bMcGraw-Hill _c1993 |
||
| 300 | _axii, 324p. | ||
| 350 | _a0.00 | ||
| 500 | _aTo accompany: Micro-economics, by McConnell and Brue | ||
| 650 | _aMICROECONOMICS | ||
| 650 | _aMICROECONOMICS--HANDBOOKS, MANUALS, ETC | ||
| 700 | _aWalstad, William B | ||
| 995 |
_D0.00 _FCBU-MAIN LIBRARY (Kitwe) _H1 _I34.95 _M1 _UDAMAGED _WApr 27, 2007 _ZMain Library Open Access Collection |
||
| 999 |
_c58815 _d58815 |
||